Twinning ako nástroj posilnenia inštitúcií vo verejnej správe

Historické korene a vývoj twinningu. Charakteristika a využívanie twinningu. Twinning bez inštitucionálneho zabezpečovania acquis communautaire. Skúsenosti SR pri realizácii twinningových projektov na príklade Úradu pre normalizáciu, metrológiu a skúšobníctvo SR.

Uložené v:
Podrobná bibliografia
Hlavný autor: Steinlová, Květoslava
Médium: Kapitola
Jazyk:Slovak
Predmet:
Tagy: Pridať tag
Žiadne tagy, Buďte prvý, kto otaguje tento záznam!

MARC

LEADER 00000naa$a2200000$$$4500
001 0087861
005 20231114115634.3
041 0 |a slo 
044 |a SK 
245 1 0 |a Twinning ako nástroj posilnenia inštitúcií vo verejnej správe  |c Květoslava Steinlová 
520 |a Historické korene a vývoj twinningu. Charakteristika a využívanie twinningu. Twinning bez inštitucionálneho zabezpečovania acquis communautaire. Skúsenosti SR pri realizácii twinningových projektov na príklade Úradu pre normalizáciu, metrológiu a skúšobníctvo SR. 
610 2 0 |a Slovensko 
610 2 0 |a správa verejná 
610 2 0 |a história 
610 2 0 |a inštitúcie verejnoprávne 
610 2 0 |a riadenie 
610 2 0 |a projekty 
100 1 |a Steinlová, Květoslava